Improving manufacturing performance in South Africa (Record no. 46499)

MARC details
000 -LEADER
fixed length control field 00550nam a2200145 a 4500
008 - FIXED-LENGTH DATA ELEMENTS--GENERAL INFORMATION
fixed length control field 120416s0000 ||||||||||||||||| || u
020 ## - INTERNATIONAL STANDARD BOOK NUMBER
International Standard Book Number 079921583X
050 ## - LIBRARY OF CONGRESS CALL NUMBER
Classification number TS 176 Imp
245 10 - TITLE STATEMENT
Title Improving manufacturing performance in South Africa
246 ## - VARYING FORM OF TITLE
Title proper/short title the report of the industrial strategy project
260 ## - PUBLICATION, DISTRIBUTION, ETC.
Place of publication, distribution, etc. Rondebosch
Name of publisher, distributor, etc. U C T Press
Date of publication, distribution, etc. 1995
300 ## - PHYSICAL DESCRIPTION
Extent xvi, 263p. : ill
350 ## - PRICE (NR) (BK AM CF MU VM SE) [OBSOLETE]
Price 0.00
995 ## - RECOMMENDATION 995 [LOCAL, UNIMARC FRANCE]
-- 0.00
-- CBU-MAIN LIBRARY (Kitwe)
-- 1
-- 0.00
-- AVAILABLE
-- Main Library Open Access Collection
Holdings
Withdrawn status Lost status Source of classification or shelving scheme Damaged status Not for loan Home library Current library Shelving location Date acquired Total Checkouts Full call number Barcode Date last seen Price effective from Koha item type
          CBU-MAIN LIBRARY, KITWE. CBU-MAIN LIBRARY, KITWE.   11/30/2022   TS 176 Imp 015471 11/30/2022 11/30/2022 MONOGRAPH